000 01160naa a2200289 c 4500
001 34564
003 ES-MaCES
005 20150929135546.0
008 050117n2004 sp t 000 | spa d
035 _aCES20050000358v
040 _aES-MaCES
_bspa
_cES-MaCES
100 1 _aColás Neila, Eusebi
_99782
245 1 0 _aDéficits de solidaridad en la política de pensiones en Europa
_b: pensiones complementarias y la "reforma riester" en Alemania
_cEusebi Colás Neila, Josep Fargas Fernández y Nuria Pumar Beltrán
650 4 _aAlemania
_926944
650 4 _apolítica social
_927029
650 4 _areforma administrativa
_927223
650 4 _adiscriminación por razones de sexo
_929521
650 4 _aprotección complementaria
_930466
653 1 0 _aDerecho del trabajo y Seguridad Social
650 4 _926752
_aUE
700 1 _aPumar Beltrán, Nuria
_921508
700 1 _aFargas Fernández, Josep
_911612
773 0 _tRevista de derecho social
_gn. 27 (jul.- sept. 2004){10693 R. 059147}; p. 211-230
_w(ES-MaCES)25695
_968708
902 _aART Artículo de revista
942 _2CES
_cAR
_h6.0.1.
999 _c34564
_d34564